[Event "SR 4. liga A21 2011/2012"]
[Site "?"]
[Date "2011.11.06"]
[Round "3.4"]
[White "Lajda, Dusan"]
[Black "Hudacek, Josef"]
[Result "1-0"]
[WhiteElo "1841"]
[BlackElo "2046"]
[PlyCount "65"]
[EventDate "2011.??.??"]

1. e4 c5 2. Nf3 d6 3. d4 cxd4 4. Nxd4 Nf6 5. Nc3 a6 6. Be3 Nbd7 7. Qe2 e6 8. g4
Nc5 9. Bg2 e5 10. Nb3 Nxb3 11. cxb3 Bxg4 12. f3 Bd7 13. O-O-O h6 14. Rhg1 Rc8
15. Kb1 Qa5 16. Qf2 Qc7 17. Bb6 Qb8 18. Bf1 g6 19. Bc4 Be7 20. Qg3 g5 21. Nd5
Nxd5 22. Bxd5 Bc6 23. Bc4 Bd7 24. h4 f5 25. hxg5 hxg5 26. Rh1 Rf8 27. Qh3 Rxc4
28. Qh5+ Rf7 29. bxc4 Be6 30. c5 dxc5 31. Qg6 Qc8 32. Rh8+ Bf8 33. Rd8+ 1-0

[Event "SR 4. liga A21 2011/2012"]
[Site "?"]
[Date "2011.11.06"]
[Round "3.4"]
[White "Vach, Jozef"]
[Black "Lanyi, Frantisek"]
[Result "0-1"]
[WhiteElo "1861"]
[BlackElo "1716"]
[PlyCount "48"]
[EventDate "2011.??.??"]

1. e4 e5 2. f4 d6 3. Nf3 Bg4 4. Bc4 Nf6 5. d3 Be7 6. O-O Nc6 7. c3 O-O 8. b4 a6
9. a4 exf4 10. Bxf4 Ne5 11. Bb3 Nxf3+ 12. gxf3 Be6 13. Bc2 Nh5 14. Be3 Bh3 15.
Rf2 Bh4 16. Rd2 Qf6 17. Kh1 Nf4 18. Bxf4 Qxf4 19. d4 Rae8 20. Bd3 f5 21. Na3
fxe4 22. Bf1 exf3 23. Bxh3 Re1+ 24. Qxe1 Bxe1 0-1

[Event "SR 4. liga A21 2011/2012"]
[Site "?"]
[Date "2011.11.06"]
[Round "3.5"]
[White "Bardik, Jozef"]
[Black "Nemeckayova, Monika"]
[Result "1-0"]
[WhiteElo "1833"]
[BlackElo "1757"]
[PlyCount "67"]
[EventDate "2011.??.??"]

1. d4 Nf6 2. c4 g6 3. Nc3 Bg7 4. e4 d6 5. f4 O-O 6. Nf3 e5 7. fxe5 dxe5 8. d5
Qe7 9. Be2 Nbd7 10. Bg5 h6 11. Bh4 Nc5 12. Bxf6 Bxf6 13. O-O Bg7 14. b4 Na6 15.
a3 Rd8 16. Qc2 f5 17. Rad1 fxe4 18. Nxe4 Bf5 19. Bd3 Nb8 20. Rfe1 a5 21. c5
axb4 22. axb4 b6 23. Ng3 Bxd3 24. Rxd3 Nd7 25. c6 Nf6 26. Qc4 Ne8 27. d6+ Qf7
28. Qxf7+ Kxf7 29. d7 Nd6 30. Nxe5+ Bxe5 31. Rxe5 Ra4 32. Re1 Rxb4 33. Rxd6
cxd6 34. c7 1-0

[Event "SR 4. liga A21 2011/2012"]
[Site "?"]
[Date "2011.11.06"]
[Round "3.5"]
[White "Gasa, Patrik"]
[Black "Curidlo, Jan"]
[Result "0-1"]
[WhiteElo "1727"]
[BlackElo "1851"]
[PlyCount "80"]
[EventDate "2011.??.??"]

1. e4 c5 2. Nc3 e6 3. Bc4 a6 4. a4 Nc6 5. f4 d6 6. Nf3 Be7 7. O-O Nf6 8. d4 d5
9. exd5 exd5 10. Ba2 Bg4 11. Ne2 O-O 12. h3 Bf5 13. Be3 c4 14. Ne5 Qc7 15. g4
Be4 16. Ng3 b5 17. g5 Nd7 18. Nxe4 dxe4 19. h4 Rad8 20. Qg4 Ndxe5 21. dxe5 Nb4
22. Qe2 Nd5 23. Kg2 Bc5 24. Bxc5 Qxc5 25. Kg3 e3 26. Rad1 Ne7 27. axb5 axb5 28.
c3 Nf5+ 29. Kh3 Qc8 30. Rxd8 Rxd8 31. Bb1 g6 32. Rd1 Rxd1 33. Qxd1 h6 34. gxh6
Nxh6+ 35. Kg2 Qc6+ 36. Kf1 Qh1+ 37. Ke2 Qxh4 38. Kxe3 Ng4+ 39. Kf3 Qh3+ 40. Ke2
Qe3+ 0-1

[Event "SR 4. liga A21 2011/2012"]
[Site "?"]
[Date "2011.11.06"]
[Round "3.5"]
[White "Ocko, Martin"]
[Black "Oravec, Pavol"]
[Result "1-0"]
[WhiteElo "1524"]
[BlackElo "1528"]
[PlyCount "117"]
[EventDate "2011.??.??"]

1. e4 e6 2. d4 d5 3. Nd2 Nf6 4. e5 Nfd7 5. Ngf3 c5 6. c3 Nc6 7. Be2 Qb6 8. Qb3
cxd4 9. Qxb6 Nxb6 10. cxd4 Bd7 11. a3 Rc8 12. O-O Be7 13. b4 O-O 14. Nb3 Na4
15. Bd2 Bd8 16. Rac1 Bb6 17. Nc5 Nxc5 18. bxc5 Ba5 19. Bxa5 Nxa5 20. Rb1 Ba4
21. Bb5 Bc2 22. Rb2 Bg6 23. Nh4 Be4 24. f3 Bg6 25. Nxg6 hxg6 26. Rfb1 Rc7 27.
Bd3 Nc6 28. Rxb7 Rxb7 29. Rxb7 Nxd4 30. Rxa7 Nc6 31. Rc7 Nxe5 32. Ba6 Ra8 33.
Rc8+ Rxc8 34. Bxc8 Kf8 35. a4 Ke7 36. a5 Kd8 37. Bb7 Kc7 38. a6 Kb8 39. c6 Nd3
40. Kf1 d4 41. g3 e5 42. Ke2 Nc5 43. Kd2 g5 44. g4 f6 45. Kc2 Ne6 46. Kd1 Nf4
47. Bc8 Ng2 48. c7+ Kxc8 49. a7 Kxc7 50. a8=Q Ne3+ 51. Ke2 Kb6 52. Qb8+ Kc5 53.
Qc7+ Kb4 54. Qxg7 Nd5 55. Qb7+ Kc5 56. Qa7+ Kc4 57. Qa6+ Kc5 58. Qa5+ Kc4 59.
Kd2 1-0

[Event "SR 4. liga A21 2011/2012"]
[Site "?"]
[Date "2011.11.06"]
[Round "3.5"]
[White "Pagerka, Slavomir"]
[Black "Gubis, Vladimir"]
[Result "1/2-1/2"]
[WhiteElo "1734"]
[BlackElo "1837"]
[PlyCount "138"]
[EventDate "2011.??.??"]

1. e4 c5 2. Nf3 d6 3. c4 Nc6 4. d4 cxd4 5. Nxd4 Nf6 6. Nc3 e6 7. Be3 Qa5 8. Qd2
a6 9. a3 Be7 10. Be2 e5 11. b4 Qd8 12. Nb3 Be6 13. f3 a5 14. b5 Nb8 15. Nd5
Bxd5 16. cxd5 Nbd7 17. Qc3 b6 18. Rc1 a4 19. Nd2 Nc5 20. Bxc5 bxc5 21. Nc4 Nd7
22. Bd1 Nb6 23. O-O O-O 24. Rb1 Nxc4 25. Qxc4 Qa5 26. Rf2 Rfb8 27. Bc2 Bg5 28.
Re2 Rb6 29. Bd3 h6 30. Qc2 Qa7 31. Bc4 Qe7 32. g3 Qf6 33. Qd3 Qg6 34. Kf1 Re8
35. Ke1 Rf8 36. Kd1 f5 37. Kc2 f4 38. g4 Ra8 39. Kc3 Qf6 40. Ba2 Qe7 41. Bc4
Qa7 42. Kc2 Qe7 43. Qd2 Qf6 44. Kd3 Qe7 45. Qc3 Kf8 46. Rc2 Qf6 47. Qd2 Bh4 48.
Rbb2 Qg5 49. Rc3 Qe7 50. Ke2 g5 51. Qd3 Qa7 52. Qd2 Kg7 53. Bd3 Kf6 54. Kd1 Qc7
55. Rcc2 Ke7 56. Kc1 Qa7 57. Kb1 Kd7 58. Ka2 Rc8 59. Rc4 Ra8 60. Bc2 Qa5 61.
Qxa5 Rxa5 62. Bxa4 Ra8 63. Re2 Kc7 64. Kb2 Kb7 65. Kc2 Ra5 66. Kd1 Kc7 67. Rb2
Kd8 68. Ke2 Ra8 69. Kd1 Ra7 1/2-1/2

[Event "SR 4. liga A21 2011/2012"]
[Site "?"]
[Date "2011.11.06"]
[Round "3.5"]
[White "Sedlak, Rastislav"]
[Black "Celustkova, Lubica"]
[Result "1/2-1/2"]
[WhiteElo "1610"]
[BlackElo "1430"]
[PlyCount "81"]
[EventDate "2011.??.??"]

1. e4 e5 2. Nf3 Nc6 3. Bb5 a6 4. Ba4 Nf6 5. O-O b5 6. Bb3 Be7 7. d3 d6 8. h3
Na5 9. c3 Nxb3 10. Qxb3 c5 11. Bg5 O-O 12. Nbd2 Be6 13. Qc2 Qc7 14. c4 Rab8 15.
b3 a5 16. a4 bxa4 17. Rxa4 Rb4 18. Rfa1 Rxa4 19. Rxa4 Bd7 20. Ra3 Ra8 21. Nf1
Bc6 22. Ne3 Nh5 23. Qd2 Bxg5 24. Nxg5 f6 25. Nf3 Nf4 26. Kh2 Qb6 27. Nf5 Qc7
28. g3 Ng6 29. h4 h5 30. Ne1 Bd7 31. Ne3 Qb8 32. Rxa5 Rxa5 33. Qxa5 Qxb3 34.
Qd8+ Nf8 35. Nd5 Qd1 36. Nb6 Qxe1 37. Nxd7 Qxf2+ 38. Kh1 Qf1+ 39. Kh2 Qf2+ 40.
Kh3 Qf1+ 41. Kh2 1/2-1/2

[Event "SR 4. liga A21 2011/2012"]
[Site "?"]
[Date "2011.11.06"]
[Round "3.6"]
[White "Dest, Stanislav"]
[Black "Drabek, Martin"]
[Result "0-1"]
[WhiteElo "1000"]
[BlackElo "1480"]
[PlyCount "22"]
[EventDate "2011.??.??"]

1. d4 d5 2. Nf3 Nc6 3. e3 Nf6 4. Nbd2 Bg4 5. c3 e6 6. Qa4 Bd6 7. Bb5 Qd7 8. Ne5
Bxe5 9. dxe5 Ne4 10. Nxe4 dxe4 11. Qxe4 Qd1# 0-1

[Event "SR 4. liga A21 2011/2012"]
[Site "?"]
[Date "2011.11.06"]
[Round "3.6"]
[White "Harasta, Marian"]
[Black "Huska, Branislav"]
[Result "0-1"]
[WhiteElo "1639"]
[BlackElo "1548"]
[PlyCount "136"]
[EventDate "2011.??.??"]

1. d4 Nf6 2. c4 g6 3. Nf3 Bg7 4. Nc3 O-O 5. Bg5 h6 6. Bh4 c6 7. Qc2 d5 8. e3
Bf5 9. Bd3 Bxd3 10. Qxd3 Nbd7 11. cxd5 cxd5 12. O-O Rc8 13. Rac1 Re8 14. Rfe1
e5 15. Bxf6 e4 16. Bxd8 exd3 17. Bh4 Nb6 18. Nd2 f5 19. Nb5 Bf8 20. a3 Nc4 21.
Nxc4 dxc4 22. Red1 a6 23. Nc3 b5 24. a4 b4 25. Nd5 Re6 26. Kf1 g5 27. Bg3 Rec6
28. Be5 Kf7 29. f3 a5 30. Bc7 R6xc7 31. Nxc7 Rxc7 32. Rxd3 Bd6 33. Rd2 Ke6 34.
Rdc2 Kd5 35. h3 f4 36. Ke2 fxe3 37. Rd1 Re7 38. Rdc1 Rc7 39. b3 c3 40. Kd3 Re7
41. Re1 Bf4 42. Rh1 e2 43. Rxe2 Rxe2 44. Kxe2 c2 45. Kd3 c1=Q 46. Rxc1 Bxc1 47.
g3 Bb2 48. f4 gxf4 49. gxf4 Bxd4 50. h4 h5 51. f5 Bf6 52. Ke3 Bxh4 53. Kd3 Bf6
54. Ke3 h4 55. Kf4 Kd4 56. Kg4 Kc3 57. Kf3 Kxb3 58. Kg2 Kxa4 59. Kh3 b3 60. Kh2
b2 61. Kh3 b1=Q 62. Kh2 Qe1 63. Kg2 Qe2+ 64. Kh3 Qf3+ 65. Kh2 Be5+ 66. Kg1 Bd4+
67. Kh2 Qg3+ 68. Kh1 Qg1# 0-1

[Event "SR 4. liga A21 2011/2012"]
[Site "?"]
[Date "2011.11.06"]
[Round "3.6"]
[White "Harastova, Viera"]
[Black "Palka, Martin"]
[Result "1/2-1/2"]
[WhiteElo "1827"]
[BlackElo "1876"]
[PlyCount "28"]
[EventDate "2011.??.??"]

1. d4 d5 2. c4 c6 3. Nf3 Nf6 4. Bg5 e6 5. e3 Nbd7 6. Nc3 h6 7. Bh4 Be7 8. Bd3
O-O 9. O-O dxc4 10. Bxc4 Nd5 11. Bxe7 Qxe7 12. Rc1 Nxc3 13. Rxc3 e5 14. d5 cxd5
1/2-1/2

[Event "SR 4. liga A21 2011/2012"]
[Site "?"]
[Date "2011.11.06"]
[Round "3.6"]
[White "Lanik, Miroslav"]
[Black "Berger, Patrik"]
[Result "1-0"]
[WhiteElo "1936"]
[BlackElo "1731"]
[PlyCount "59"]
[EventDate "2011.??.??"]

1. e4 c5 2. Nf3 d6 3. d4 cxd4 4. Nxd4 Nf6 5. Nc3 a6 6. Bg5 e6 7. f4 Be7 8. Qf3
Nbd7 9. O-O-O Qc7 10. Bd3 O-O 11. Rhe1 Rb8 12. Kb1 b5 13. Qh3 Nc5 14. e5 Nxd3
15. exf6 Nxe1 16. fxe7 Re8 17. Rxe1 e5 18. Nf5 Bxf5 19. Qxf5 f6 20. Nd5 Qc8 21.
Nxf6+ gxf6 22. Qxf6 Qg4 23. Qxd6 exf4 24. Bxf4 Qf5 25. Re3 Kf7 26. Rf3 Rxe7 27.
Qxb8 Kg7 28. Bc1 Qe4 29. Qf8+ Kg6 30. Qh6# 1-0

[Event "SR 4. liga A21 2011/2012"]
[Site "?"]
[Date "2011.11.06"]
[Round "3.6"]
[White "Tokos, Rastislav"]
[Black "Jarabek, Milan"]
[Result "1-0"]
[WhiteElo "1883"]
[BlackElo "1552"]
[PlyCount "97"]
[EventDate "2011.??.??"]

1. e4 c5 2. Nf3 d6 3. d4 cxd4 4. Nxd4 Nf6 5. Nc3 a6 6. Be2 e6 7. Be3 Be7 8. Qd2
b5 9. f3 Qc7 10. a4 b4 11. Nd1 d5 12. e5 Nfd7 13. f4 Nc6 14. c3 Nxd4 15. cxd4
a5 16. Rc1 Qd8 17. Qc2 O-O 18. Qc7 Qxc7 19. Rxc7 Bd8 20. Rc2 Bb7 21. b3 Rc8 22.
Rxc8 Bxc8 23. Bb5 Nb8 24. Nf2 Ba6 25. Kd2 Bxb5 26. axb5 Bb6 27. Rc1 Rd8 28. Nd3
Kf8 29. Nc5 Ke7 30. Na4 Nd7 31. Rc6 Rb8 32. g4 h6 33. f5 Bd8 34. Bf2 Ke8 35.
fxe6 fxe6 36. Rxe6+ Kf7 37. Rd6 Ke8 38. Bg3 Rxb5 39. h4 Nb6 40. Nb2 Nc8 41. Rg6
Kf7 42. h5 Rb6 43. Rxb6 Bxb6 44. Ke3 Ke6 45. Bh4 Ne7 46. Bxe7 Kxe7 47. Nd3 Ke6
48. Nf4+ Ke7 49. Nxd5+ 1-0

[Event "SR 4. liga A21 2011/2012"]
[Site "?"]
[Date "2011.11.20"]
[Round "4.1"]
[White "Berger, Patrik"]
[Black "Kupkovic, Miroslav"]
[Result "1/2-1/2"]
[WhiteElo "1731"]
[BlackElo "1836"]
[PlyCount "62"]
[EventDate "2011.??.??"]

1. e4 c6 2. d4 d5 3. Nc3 dxe4 4. Nxe4 Bf5 5. Ng3 Bg6 6. h4 h6 7. Nf3 Nd7 8. h5
Bh7 9. Bd3 Bxd3 10. Qxd3 Ngf6 11. Bd2 e6 12. O-O-O Be7 13. Ne2 Ng4 14. Be3 Nxe3
15. fxe3 Qc7 16. Kb1 O-O-O 17. c4 Kb8 18. Qc2 e5 19. d5 cxd5 20. Rxd5 Bc5 21.
Rhd1 Nb6 22. Rxd8+ Rxd8 23. Rxd8+ Qxd8 24. Nxe5 Qf6 25. Qe4 Qf2 26. Qd3 a6 27.
Qd8+ Ka7 28. Nc6+ bxc6 29. Qc7+ Ka8 30. Qxc6+ Kb8 31. Qxc5 Nd7 1/2-1/2

[Event "SR 4. liga A21 2011/2012"]
[Site "?"]
[Date "2011.11.20"]
[Round "4.1"]
[White "Jarabek, Milan"]
[Black "Pripko, Bystrik"]
[Result "1-0"]
[WhiteElo "1552"]
[BlackElo "1655"]
[PlyCount "65"]
[EventDate "2011.??.??"]

1. e4 e5 2. Nf3 Nc6 3. Bb5 a6 4. Ba4 b5 5. Bb3 Nf6 6. O-O Bc5 7. c3 d6 8. Re1
O-O 9. h3 Be6 10. Bc2 Bb6 11. d4 exd4 12. cxd4 Bd7 13. Bg5 h6 14. Bh4 Ne7 15.
Bxf6 gxf6 16. Qc1 Kg7 17. Nbd2 Ng6 18. Nf1 Qc8 19. Ng3 Rh8 20. Nf5+ Bxf5 21.
exf5 Nf8 22. Qf4 Rg8 23. Re7 Nh7 24. Bb3 Rf8 25. Qg4+ Kh8 26. Bxf7 Qd8 27. Rae1
d5 28. Bxd5 Ng5 29. Bxa8 Qxa8 30. Nxg5 Rg8 31. Nf7+ Kh7 32. Nxh6+ Kh8 33. Nxg8
1-0

[Event "SR 4. liga A21 2011/2012"]
[Site "?"]
[Date "2011.11.20"]
[Round "4.1"]
[White "Piestansky, Jan"]
[Black "Drabek, Martin"]
[Result "0-1"]
[WhiteElo "1593"]
[BlackElo "1480"]
[PlyCount "34"]
[EventDate "2011.??.??"]

1. e4 e5 2. Nf3 Nc6 3. Bc4 Bc5 4. c3 d6 5. h3 Nf6 6. d3 h6 7. Bb3 a6 8. Be3 O-O
9. O-O Re8 10. Bxc5 dxc5 11. Qe2 Qd6 12. Nbd2 Rd8 13. Bc2 Nh5 14. Nc4 Nf4 15.
Qe3 Qg6 16. Nh4 Qg5 17. Qg3 Ne2+ 0-1

[Event "SR 4. liga A21 2011/2012"]
[Site "?"]
[Date "2011.11.20"]
[Round "4.1"]
[White "Slaby, Jozef"]
[Black "Brisudova, Veronika"]
[Result "0-1"]
[WhiteElo "1856"]
[BlackElo "1864"]
[PlyCount "138"]
[EventDate "2011.??.??"]

1. d4 f5 2. c4 g6 3. Nf3 Nf6 4. Nc3 Bg7 5. h3 d6 6. Bf4 O-O 7. e3 Qe8 8. Qc2
Na6 9. a3 c5 10. d5 Nc7 11. Bd3 a6 12. Rd1 b5 13. O-O Bd7 14. Ng5 h6 15. Ne6
Nxe6 16. dxe6 Bxe6 17. cxb5 c4 18. Be2 axb5 19. Bf3 Rc8 20. Rfe1 Bd7 21. Bh2
Bc6 22. e4 fxe4 23. Bxe4 Bxe4 24. Nxe4 Qf7 25. Nc3 d5 26. Nxb5 Ne4 27. f3 Nc5
28. Nd4 Nd3 29. Rxd3 cxd3 30. Qxd3 Bf6 31. b4 Rfd8 32. b5 Rc4 33. Ne6 Rd7 34.
b6 Rc6 35. b7 Rxb7 36. Nd8 Rc3 37. Qa6 Bd4+ 38. Kh1 Rb6 39. Qa8 Qf6 40. Ne6+
Kf7 41. Nxd4 Qxd4 42. Be5 Qd2 43. Bxc3 Qxc3 44. Qxd5+ e6 45. Qd7+ Kf6 46. Rd1
Qc5 47. Qd8+ Kf5 48. g4+ Kf4 49. Qf6+ Kg3 50. Qa1 Qf2 51. Rg1+ Kxh3 52. Qf1+
Qxf1 53. Rxf1 Ra6 54. Ra1 Kg3 55. Kg1 Kxf3 56. Re1 Kxg4 57. Re3 Kf4 58. Rc3 h5
59. Kf2 g5 60. Rc4+ Kf5 61. a4 e5 62. Kg3 h4+ 63. Kf3 h3 64. Kg3 Rh6 65. Kh2 g4
66. a5 e4 67. Rb4 Kf4 68. Rb6 g3+ 69. Kh1 Rh5 0-1

[Event "SR 4. liga A21 2011/2012"]
[Site "?"]
[Date "2011.11.20"]
[Round "4.1"]
[White "Vagovic, Milan"]
[Black "Harasta, Juraj"]
[Result "1-0"]
[WhiteElo "1697"]
[BlackElo "1719"]
[PlyCount "75"]
[EventDate "2011.??.??"]

1. d4 d5 2. c4 c6 3. Nc3 Nf6 4. Nf3 Bg4 5. e3 Nbd7 6. h3 Bh5 7. Be2 dxc4 8. Nd2
Bxe2 9. Qxe2 b5 10. b3 cxb3 11. Nxb3 e5 12. O-O Bb4 13. Bd2 O-O 14. a3 Be7 15.
Qf3 Qb6 16. Rfd1 exd4 17. exd4 Rfd8 18. Be3 Qb7 19. Na5 Qa6 20. Nxc6 Re8 21.
Nxe7+ Kh8 22. Nf5 Rac8 23. Ne2 Rc2 24. Rd2 Rxd2 25. Bxd2 Ne4 26. Bb4 Qe6 27.
Re1 Ng5 28. Qg4 h6 29. h4 Nf6 30. Qf4 Nd5 31. Qe5 Qxe5 32. dxe5 Rxe5 33. hxg5
Rxf5 34. gxh6 Nxb4 35. hxg7+ Kxg7 36. axb4 Re5 37. Kf1 Re4 38. Rb1 1-0

[Event "SR 4. liga A21 2011/2012"]
[Site "?"]
[Date "2011.11.20"]
[Round "4.2"]
[White "Gubis, Vladimir"]
[Black "Beran, Jan ml"]
[Result "0-1"]
[WhiteElo "1837"]
[BlackElo "1881"]
[PlyCount "110"]
[EventDate "2011.??.??"]

1. d4 d5 2. c4 c5 3. cxd5 Nf6 4. Nf3 cxd4 5. Qxd4 Qxd5 6. Nc3 Qa5 7. Qa4+ Qxa4
8. Nxa4 Nc6 9. a3 Bg4 10. e3 a6 11. b4 b5 12. Nc3 Bxf3 13. gxf3 Ne5 14. Be2 e6
15. Nd1 Rd8 16. Nb2 Nd5 17. Bd2 Be7 18. e4 Nc7 19. Rc1 Rd7 20. f4 Ng6 21. Nd3
O-O 22. Be3 f5 23. e5 Nd5 24. Rc6 Nxe3 25. fxe3 Rfd8 26. Nc5 Bh4+ 27. Kf1 Rd1+
28. Bxd1 Rxd1+ 29. Kg2 Rd2+ 30. Kh3 Re2 31. Nxe6 Rxe3+ 32. Kg2 Rxa3 33. Rc2 Kf7
34. Ng5+ Bxg5 35. fxg5 Nxe5 36. Rd1 Nd3 37. Rc6 Ra2+ 38. Kg1 Nxb4 39. Rd7+ Ke8
40. Rcc7 Ra1+ 41. Kg2 Ra2+ 42. Kh3 Rc2 43. Re7+ Kd8 44. Rcd7+ Kc8 45. Rxg7 Nc6
46. Rdf7 b4 47. Rf8+ Nd8 48. Rxf5 b3 49. Rf1 b2 50. Rb1 Ne6 51. Rg8+ Kb7 52.
Kg3 a5 53. h4 a4 54. Re8 a3 55. Rxe6 Rc1 0-1

[Event "SR 4. liga A21 2011/2012"]
[Site "?"]
[Date "2011.11.20"]
[Round "4.2"]
[White "Nemsak, Denis"]
[Black "Lanik, Miroslav"]
[Result "1/2-1/2"]
[WhiteElo "1916"]
[BlackElo "1936"]
[PlyCount "26"]
[EventDate "2011.??.??"]

1. c4 Nf6 2. Nc3 e5 3. Nf3 Nc6 4. g3 d5 5. cxd5 Nxd5 6. Bg2 Be6 7. d3 f6 8. Bd2
Qd7 9. O-O O-O-O 10. a3 Kb8 11. b4 g5 12. Rc1 h5 13. Qa4 Nxc3 1/2-1/2

[Event "SR 4. liga A21 2011/2012"]
[Site "?"]
[Date "2011.11.20"]
[Round "4.2"]
[White "Oravec, Pavol"]
[Black "Bendzela, Tibor"]
[Result "0-1"]
[WhiteElo "1528"]
[BlackElo "1455"]
[PlyCount "116"]
[EventDate "2011.??.??"]

1. d4 Nf6 2. Nf3 d5 3. Bf4 e6 4. e3 a6 5. Bd3 Nc6 6. c3 Be7 7. Nbd2 O-O 8. e4
b5 9. e5 Nh5 10. Be3 g6 11. Bh6 Ng7 12. Qc2 Na5 13. a4 c6 14. axb5 cxb5 15. h4
Nc4 16. h5 Nxh5 17. Bxf8 Bxf8 18. Rxh5 gxh5 19. Bxh7+ Kg7 20. Bd3 Be7 21. Nf1
Bg5 22. b3 Nb6 23. Ng3 h4 24. Nf1 Nd7 25. Bxb5 Nf8 26. Bd3 Ng6 27. Bxg6 fxg6
28. Ne3 Bxe3 29. fxe3 g5 30. O-O-O g4 31. Nd2 Qg5 32. e4 a5 33. exd5 exd5 34.
Rf1 Be6 35. Rf6 Re8 36. Kb2 h3 37. gxh3 gxh3 38. Nf3 Qg2 39. Kc1 Qxc2+ 40. Kxc2
Rf8 41. Rxf8 Kxf8 42. Kd2 Bg4 43. Nh2 Bf5 44. b4 a4 45. b5 Ke7 46. b6 Kd7 47.
e6+ Bxe6 48. Kc2 Kc6 49. b7 Kxb7 50. Kb2 Kb6 51. Ka3 Kb5 52. Nf3 Bg4 53. Nh2
Be2 54. Kb2 Kc4 55. Kc2 a3 56. Kb1 Kxc3 57. Ka2 Kxd4 58. Kxa3 Kc3 0-1

[Event "SR 4. liga A21 2011/2012"]
[Site "?"]
[Date "2011.11.20"]
[Round "4.2"]
[White "Palka, Martin"]
[Black "Orvisky, Vladimir"]
[Result "1/2-1/2"]
[WhiteElo "1876"]
[BlackElo "1838"]
[PlyCount "67"]
[EventDate "2011.??.??"]

1. e4 Nf6 2. e5 Nd5 3. d4 d6 4. Nf3 Bg4 5. Be2 e6 6. O-O Be7 7. c4 Nb6 8. exd6
cxd6 9. Nc3 O-O 10. b3 Nc6 11. Be3 d5 12. c5 Nd7 13. h3 Bh5 14. Nh2 Bg6 15. f4
Nf6 16. Bd3 Ne4 17. Nxe4 dxe4 18. Bb5 Nb4 19. g4 Nd5 20. Qd2 f5 21. g5 Qc7 22.
Bc4 h6 23. Bxd5 exd5 24. h4 hxg5 25. hxg5 Kf7 26. Rf2 Rh8 27. Kg2 Rh4 28. Nf1
Rah8 29. Ng3 Bh5 30. Nxh5 R8xh5 31. Rg1 Bxg5 32. fxg5 Qh2+ 33. Kf1 Qxg1+ 34.
Kxg1 1/2-1/2

[Event "SR 4. liga A21 2011/2012"]
[Site "?"]
[Date "2011.11.20"]
[Round "4.2"]
[White "Tokos, Rastislav"]
[Black "Sedlak, Rastislav"]
[Result "1-0"]
[WhiteElo "1883"]
[BlackElo "1610"]
[PlyCount "93"]
[EventDate "2011.??.??"]

1. e4 e5 2. Nf3 Nc6 3. Bb5 a6 4. Bxc6 dxc6 5. d4 exd4 6. Qxd4 Qxd4 7. Nxd4 Bc5
8. Be3 Nf6 9. Nd2 Ng4 10. Ke2 Nxe3 11. Kxe3 Bxd4+ 12. Kxd4 Be6 13. f4 O-O-O+
14. Ke3 Rhe8 15. Rad1 Bf5 16. h3 h5 17. Rhg1 c5 18. g4 hxg4 19. hxg4 Bd7 20.
Nf3 f6 21. Rg2 Bc6 22. Rxd8+ Kxd8 23. Nd2 Rh8 24. f5 Ke7 25. Kf4 Rh1 26. g5 Rc1
27. Nf3 Rf1 28. g6 Rh1 29. Rh2 Rxh2 30. Nxh2 b5 31. c3 a5 32. Ng4 b4 33. a3 Ba4
34. e5 Bc2 35. Ne3 Bb3 36. Ke4 c6 37. exf6+ Kxf6 38. Kf4 Ba2 39. Ng4+ Ke7 40.
Ke5 Bd5 41. Ne3 Bb3 42. Ng2 Bd1 43. Nf4 Bc2 44. Ne6 Bb3 45. Nxg7 Bc4 46. Ne6
Bxe6 47. fxe6 1-0

[Event "SR 4. liga A21 2011/2012"]
[Site "?"]
[Date "2011.11.20"]
[Round "4.3"]
[White "Bartos, Bohumil"]
[Black "Pipiska, Adam"]
[Result "1/2-1/2"]
[WhiteElo "1557"]
[BlackElo "1299"]
[PlyCount "79"]
[EventDate "2011.??.??"]

1. e4 e5 2. Nf3 Nc6 3. Bb5 a6 4. Ba4 Nf6 5. O-O Be7 6. Re1 O-O 7. c3 d5 8. exd5
Qxd5 9. Bxc6 Qxc6 10. Nxe5 Qb5 11. a4 Qd5 12. d4 b6 13. Nd2 Bb7 14. Ndf3 Nd7
15. c4 Qd6 16. Qd3 Rad8 17. Nxd7 Rxd7 18. d5 c6 19. b3 cxd5 20. Ba3 Qf6 21.
Bxe7 Rxe7 22. Rxe7 Qxa1+ 23. Qf1 Qxf1+ 24. Kxf1 Bc8 25. cxd5 a5 26. d6 Rd8 27.
Ne5 Be6 28. d7 Kf8 29. Re8+ Rxe8 30. dxe8=Q+ Kxe8 31. Nc4 Kd7 32. Ke2 Kc6 33.
Kd3 Kc5 34. Kc3 g5 35. g3 h6 36. h4 f6 37. hxg5 fxg5 38. Ne5 h5 39. Nf3 g4 40.
Nd4 1/2-1/2

[Event "SR 4. liga A21 2011/2012"]
[Site "?"]
[Date "2011.11.20"]
[Round "4.3"]
[White "Gasa, Patrik"]
[Black "Planka, Peter"]
[Result "1-0"]
[WhiteElo "1727"]
[BlackElo "1831"]
[PlyCount "81"]
[EventDate "2011.??.??"]

1. d4 Nf6 2. c4 e6 3. Nf3 b6 4. Nc3 Bb7 5. Bg5 Be7 6. e3 O-O 7. Bd3 d5 8. O-O
Nbd7 9. Qc2 dxc4 10. Bxc4 c5 11. Rad1 Qc7 12. Bf4 Qc8 13. Nb5 Nh5 14. Bd6 Bxd6
15. Nxd6 Qc7 16. Nxb7 Qxb7 17. d5 exd5 18. Bxd5 Qc7 19. Bxa8 Rxa8 20. Qf5 Nhf6
21. Rd2 Re8 22. Rfd1 Nf8 23. h3 h6 24. Rd6 Ng6 25. e4 Rxe4 26. Rxf6 Rf4 27.
Qxf4 Nxf4 28. Rfd6 Kh7 29. Rd7 Qc6 30. Rxf7 Ne2+ 31. Kh2 Nd4 32. Nxd4 cxd4 33.
Rxd4 Qe6 34. Rdd7 Qe5+ 35. g3 Qxb2 36. Rxg7+ Qxg7 37. Rxg7+ Kxg7 38. Kg2 b5 39.
Kf3 Kf6 40. Ke4 Ke6 41. Kd4 1-0

[Event "SR 4. liga A21 2011/2012"]
[Site "?"]
[Date "2011.11.20"]
[Round "4.3"]
[White "Kubis, Ivan"]
[Black "Nemeckay, Rastislav"]
[Result "0-1"]
[WhiteElo "2002"]
[BlackElo "1808"]
[PlyCount "68"]
[EventDate "2011.??.??"]

1. e4 e5 2. Nf3 Nc6 3. Bb5 a6 4. Ba4 Nf6 5. O-O b5 6. Bb3 Be7 7. Re1 d6 8. c3
O-O 9. h3 Na5 10. Bc2 c5 11. d4 Qc7 12. Nbd2 Bd7 13. Nf1 cxd4 14. cxd4 Rfc8 15.
Bd3 Nc6 16. Bg5 Qd8 17. Rc1 Ne8 18. Be3 Bf6 19. Bb1 g6 20. Qd2 Bg7 21. dxe5
Nxe5 22. Nxe5 dxe5 23. Rcd1 Be6 24. Qb4 Qc7 25. Rc1 Qb7 26. a4 Bf8 27. Bc5 Bxc5
28. Rxc5 Rxc5 29. Qxc5 bxa4 30. Qxe5 Rb8 31. Ne3 Qxb2 32. Qg3 a3 33. Nd5 Bxd5
34. exd5 Qxb1 0-1

[Event "SR 4. liga A21 2011/2012"]
[Site "?"]
[Date "2011.11.20"]
[Round "4.3"]
[White "Ocko, Martin"]
[Black "Leska, Marian"]
[Result "0-1"]
[WhiteElo "1524"]
[BlackElo "1701"]
[PlyCount "106"]
[EventDate "2011.??.??"]

1. e4 e6 2. d4 d5 3. Nd2 dxe4 4. Nxe4 Nd7 5. Nf3 Ngf6 6. Bg5 Be7 7. Ng3 c5 8.
Bb5 O-O 9. O-O h6 10. Bxf6 Nxf6 11. dxc5 Bxc5 12. Qxd8 Rxd8 13. Rad1 Bd7 14.
Bxd7 Nxd7 15. Ne4 Be7 16. Nd6 Bxd6 17. Rxd6 Nf6 18. Rfd1 Rxd6 19. Rxd6 Rc8 20.
c3 Kf8 21. Kf1 Ke7 22. Rd4 Nd5 23. Ne5 f6 24. Rc4 Rd8 25. Nf3 Rd7 26. g3 e5 27.
Ke2 Ke6 28. Ra4 a6 29. c4 Ne7 30. Rb4 Kd6 31. Rb3 Kc5 32. Rd3 Rc7 33. Nd2 Nc6
34. a3 Nd4+ 35. Kf1 a5 36. b3 f5 37. Nf3 Nxf3 38. Rxf3 g6 39. Rd3 e4 40. Rd5+
Kb6 41. Ke2 a4 42. Rd6+ Rc6 43. Rxc6+ Kxc6 44. b4 g5 45. Ke3 b6 46. Kd4 Kd6 47.
b5 Ke6 48. c5 bxc5+ 49. Kxc5 Kd7 50. h4 f4 51. Kd4 e3 52. Kd3 exf2 53. Ke2 fxg3
0-1

[Event "SR 4. liga A21 2011/2012"]
[Site "?"]
[Date "2011.11.20"]
[Round "4.3"]
[White "Vach, Jozef"]
[Black "Nemeckayova, Monika"]
[Result "0-1"]
[WhiteElo "1861"]
[BlackElo "1757"]
[PlyCount "104"]
[EventDate "2011.??.??"]

1. d4 Nf6 2. Nf3 e6 3. g3 d5 4. Bg2 c5 5. O-O cxd4 6. Qxd4 Nc6 7. Qd1 Bd6 8. c3
O-O 9. b3 b6 10. Bb2 Ba6 11. Re1 Rc8 12. Nbd2 Qe7 13. Rc1 Bc5 14. e3 Rfd8 15.
Nd4 e5 16. Nxc6 Rxc6 17. c4 Rcd6 18. cxd5 Nxd5 19. Qf3 Nb4 20. Ne4 Bb7 21. Qf5
Nd3 22. Nxd6 Bxg2 23. Kxg2 Qxd6 24. Red1 Qd5+ 25. Qf3 e4 26. Qg4 f6 27. Bxf6
Qf7 28. Qxe4 Ne1+ 29. Rxe1 Qxf6 30. Red1 Rf8 31. Rc2 h5 32. Rd5 g5 33. Rd7 Rf7
34. Qd5 Be7 35. Rd2 h4 36. Qe4 hxg3 37. hxg3 Rh7 38. Qd5+ Kf8 39. Qf3 Rh2+ 40.
Kxh2 Qxf3 41. Rxa7 Ke8 42. Rc2 Kd8 43. Rd2+ Ke8 44. Kg1 Qc6 45. Kh2 Qh6+ 46.
Kg1 Qc6 47. Kf1 Qb5+ 48. Kg2 Qc6+ 49. f3 g4 50. e4 gxf3+ 51. Kf2 Qxe4 52. Ra4
Bc5+ 0-1

[Event "SR 4. liga A21 2011/2012"]
[Site "?"]
[Date "2011.11.20"]
[Round "4.4"]
[White "Babis, Jozef"]
[Black "Krchnak, Rudolf"]
[Result "1/2-1/2"]
[WhiteElo "1506"]
[BlackElo "1878"]
[PlyCount "42"]
[EventDate "2011.??.??"]

1. e4 c5 2. Nc3 d6 3. Nf3 Nf6 4. Bc4 e6 5. O-O Be7 6. Re1 a6 7. Bf1 Nbd7 8. d3
Qc7 9. h3 O-O 10. Bf4 e5 11. Bh2 b5 12. Ne2 Re8 13. Ng3 g6 14. Nd2 Nf8 15. a3
Bb7 16. Rb1 Ne6 17. Nf3 Rad8 18. Qc1 Nd7 19. Ne2 Rf8 20. Nc3 Nb6 21. Bg3 f5
1/2-1/2